Sillería del coro de la Catedral de Córdoba / (Record no. 99399)
[ view plain ]
| 000 -LEADER | |
|---|---|
| campo de control de longitud fija | 00928nam a2200229 i 4500 |
| 001 - NÚMERO DE CONTROL | |
| campo de control | 99399 |
| 003 - IDENTIFICADOR DE NÚMERO DE CONTROL | |
| campo de control | ES-MaACL |
| 005 - FECHA Y HORA DE LA ÚLTIMA TRANSACCIÓN | |
| campo de control | 20251002202458.0 |
| 007 - CAMPO FIJO DE DESCRIPCIÓN FÍSICA--INFORMACIÓN GENERAL | |
| campo de control de longitud fija | t| |
| 008 - DATOS DE LONGITUD FIJA--INFORMACIÓN GENERAL | |
| campo de control de longitud fija | 050908s1981 sp af |||| | spa d |
| 100 1# - ENTRADA PRINCIPAL--NOMBRE DE PERSONA | |
| Nombre de persona | Martín Ribes, José. |
| 9 (RLIN) | 77630 |
| 245 10 - MENCIÓN DEL TÍTULO | |
| Título | Sillería del coro de la Catedral de Córdoba / |
| Mención de responsabilidad, etc. | José Martín Ribes ; introducción y exégesis de José Hernández Díaz ; prólogo de Carlos Fernández Martos y Bermúdez-Cañete. |
| 260 ## - PUBLICACIÓN, DISTRIBUCIÓN, ETC. | |
| Lugar de publicación, distribución, etc. | Córdoba : |
| Nombre del editor, distribuidor, etc. | Caja Provincial de Ahorros, |
| Fecha de publicación, distribución, etc. | 1981. |
| 300 ## - DESCRIPCIÓN FÍSICA | |
| Extensión | 254 p. con 21 lám., 6 h. : |
| Otras características físicas | il. ; |
| Dimensiones | 24 cm. |
| 610 2# - PUNTO DE ACCESO ADICIONAL DE MATERIA--NOMBRE DE ENTIDAD CORPORATIVA | |
| Nombre de entidad corporativa o nombre de jurisdicción como elemento de entrada | Mezquita-catedral de Córdoba. |
| 9 (RLIN) | 146676 |
| 650 #4 - PUNTO DE ACCESO ADICIONAL DE MATERIA--TÉRMINO DE MATERIA | |
| Término de materia o nombre geográfico como elemento de entrada | Sillerías de coro- |
| Subdivisión geográfica | Córdoba. |
| 9 (RLIN) | 168618 |
| 700 1# - ENTRADA AGREGADA--NOMBRE PERSONAL | |
| Nombre de persona | Hernández Díaz, José, |
| Fechas asociadas al nombre | 1906-1998 |
| 9 (RLIN) | 62929 |
| 700 1# - ENTRADA AGREGADA--NOMBRE PERSONAL | |
| Nombre de persona | Fernández-Martos y Bermúdez-Cañete, Carlos. |
| 9 (RLIN) | 49917 |
| 710 2# - ENTRADA AGREGADA--NOMBRE DE ENTIDAD CORPORATIVA | |
| Nombre de entidad corporativa o nombre de jurisdicción como elemento de entrada | Caja Provincial de Ahorros de Córdoba. |
| 9 (RLIN) | 2341 |
| 852 ## - LOCALIZACIÓN | |
| Ubicación | ES-MaACL |
| Número de control de estantería | L-1808 |
| Estatus retirado | Estado de pérdida | Estado de daño | No para préstamo | Biblioteca de origen | Biblioteca actual | Ubicación en estantería | Fecha de adquisición | Fuente de adquisición | Total de préstamos | Signatura topográfica completa | Código de barras | Visto por última vez | Precio de reemplazo | Tipo de ítem Koha |
|---|---|---|---|---|---|---|---|---|---|---|---|---|---|---|
| Biblioteca del Ateneo de Madrid | Biblioteca del Ateneo de Madrid | Depósito 2 | 17/01/2008 | L-1808 | 1103791 | 23/02/2023 | 23/02/2023 | Libro impreso |
